La República / Luis Segala y Estalella, traductor
Enregistré dans:
| Auteur principal: | |
|---|---|
| Format: | Livre |
| Langue: | Undetermined |
| Publié: |
Barcelona, España
Ediciones Brontes
2007
|
| Sujets: | |
| Tags: |
Ajouter un tag
Pas de tags, Soyez le premier à ajouter un tag!
|
MARC
| LEADER | 00000nam a2200000Ia 4500 | ||
|---|---|---|---|
| 008 | 170316s9999 xx 000 0 und d | ||
| 090 | |a 100 P-26r | ||
| 100 | |a Platón | ||
| 245 | |a La República / Luis Segala y Estalella, traductor | ||
| 260 | |a Barcelona, España | ||
| 260 | |b Ediciones Brontes | ||
| 260 | |c 2007 | ||
| 300 | |a 383 páginas | ||
| 650 | |a FILOSOFÍA | ||
| 650 | |a LIBRO PRIMERO AL LIBRO DÉCIMO | ||
| 650 | |a EL ESTADO | ||
| 650 | |a JUSTICIA | ||
| 650 | |a GOBIERNO | ||
| 650 | |a EDUCACIÓN | ||
| 650 | |a MAGISTRATURA | ||
| 999 | |c 17339 |d 17339 | ||
| 040 | |a cru BVZT | ||
| 942 | |c 15 D |h 100 P-26r |2 z | ||
